Statistics for Norwegian Prime Ministers since 1814

Click here to take the quiz!

General Stats

  • This quiz has been taken 104 times
    (69 since last reset)
  • The average score is 19 of 50

Answer Stats

PartyYear(s)Name% Correct
H2013-Erna Solberg
100%
AP2000-2001, 2005-2013Jens Stoltenberg
100%
KrF1997-2000, 2001-2005Kjell Magne Bondevik
97%
AP1981, 1986-1989, 1990-1996Gro Harlem Brundtland
97%
AP1945-1951, 1955-1963, 1963-1965Einar Gerhardsen
93%
AP1996-1997Thorbjørn Jagland
90%
H1981-1986Kåre Willoch
86%
H1989-1990Jan P. Syse
76%
AP1976-1981Odvar Nordli
72%
AP1935-1945Johan Nygaardsvold
72%
SP1965-1971Per Borten
72%
AP1971-1972, 1973-1976Trygve Bratteli
66%
AP1951-1955Oscar Torp
55%
KrF1972-1973Lars Korvald
52%
H1963John Lyng
52%
V1884-1889Johan Sverdrup
52%
V1905-1907Christian Michelsen
45%
H1889-1891, 1893-1895Emil Stang d.e.
34%
V1908-1910, 1913-1920Gunnar Knudsen
34%
H1924-1926, 1928-1931, 1933-1935Johan L. Mowinckel
31%
None1861-1880Frederik Stang
31%
None1816Karl XIV Johan
28%
None1841–1856Severin Løvenskiold
28%
AP1928Christopher Hornsrud
28%
FV1910-1912Wollert Konow
28%
None1824, 1833Crown Prince Oscar I
24%
V1926-1928Ivar Lykke
24%
None1836-1840Herman Wedel-Jarlsberg
24%
H1912-1913Jens Bratlie
21%
V1902-1903, 1921-1923Otto Blehr
21%
None1857Crown Prince Karl XV
21%
H1920-1921, 1923Otto B. Halvorsen
17%
None1880-1884Christian Selmer
17%
B1931-1932Peder Kolstad
17%
V1891-1893, 1898-1902Johannes Steen
17%
B1932-1933Jens Hundseid
17%
V1907-1908Jørgen Løvland
14%
H1895-1898, 1903-1905Francis Hagerup
14%
None1814-1816Hans Henric von Essen
10%
None1884Christian Schweigaard
10%
None1840-1841Nicolay Johan Krog
10%
None1858-1861Hans Christian Petersen
10%
FV1923-1924Abraham Berge
10%
None1814Marcus Gjøe Rosenkrantz
10%
None1827-1829Baltzar von Platen
7%
None1814Frederik Gottschalk von Haxthausen
7%
None1856-1857, 1857-1858Jørgen Herman Vogt
3%
None1829-1833, 1833-1836Jonas Collett
3%
None1818-1824, 1824-1827Johan August Sandels
3%
None1816-1818Carl Mörner
3%

Score Distribution

Percentile by Number Answered

Percent of People with Each Score

Your Score History

You have not taken this quiz since the last reset